000 00842nam a22002057a 4500
005 20251108164055.0
008 250721s1997 xx 000 0 ara d
082 1 4 _a324.9565/ندو
111 2 _aندوة مشاركة في الإنتخابات النيابية لعام ( 1997 : عمان )
245 1 0 _aمشاركة المرأة في الإنتخابات النيابية لعام 1997 :
_bوقائع ندوة المرأة /
264 1 _aعمان :
_bمركز الريادة للمعلومات و الدراسات،
_c1997.
300 _a100ص.
490 0 _aسلسلة المجتمع المدني و النظام البرلماني ؛
_v4
650 1 7 _aالإنتخابات
650 1 7 _aالأردن
650 1 7 _aالهيئات التشريعية
650 1 7 _aالمرأة الأردنية
942 _2ddc
_cBK
999 _c2953
_d2953